00458nam a22001457a 4500020001800000082001500018100001900033245003100052260004100083300000800124650001900132942000700151952013700158999001700295 a9788172764319 a954 MAJ V1 aMajumdar, R.C. aThe Age of Imperial Kanauj aMumbaibBharatiya Vidya Bhavanc1955 a585 aHistory-Indian cBK 001040708NFICaHMIbHMIcREFd2020-09-15eDasgupta Publishers, Kolkatag500.00l0o954 MAJ REFp25743r2020-09-21w2026-01-16yBK c23054d23054